000 00415nam a2200181Ia 4500
005 20250603145911.0
008 250603s9999 xx 000 0 und d
020 _a9780304215
050 _aPR 9387.9 .O85 .M53/
100 _aOsofisan, Femi
245 4 _aThe midnight blackout
260 _aIbadan
260 _bUniversity press ltd
260 _c2006
300 _a112 p
650 _aIbadan
942 _cBK
999 _c43189
_d43189